000 00657nam a2200241Ia 4500
003 OSt
005 20220918221147.0
006 a|||||r|||| 00| 0
007 ta
008 220917b |||||||| |||| 00| 0 eng d
024 _a148,549
037 _cTextual
040 _aARTS
_cARTS
_beng
041 _2eng
_aeng
082 _aS9422, K5 (PD)
100 _aPfungst Oskar
_9139373
245 0 _aClever Hans (The horse of Mr. Von Osten)
260 _aNew York
_bHolt
_c1965
300 _axxxiv,274p. illus
_ccm.
650 _aANIMAL BEHAVIOUR
_929214
942 _hS9422, K5 (PD)
_cTEXL
_2CC
999 _c271226
_d271226